书目信息 |
| 题名: |
室内装饰施工疑难解答1000例
|
|
| 作者: | 乐义 , 钟毅 编 | |
| 分册: | ||
| 出版信息: | 上海 上海科学技术出版社 2003.04 |
|
| 页数: | 622页 | |
| 开本: | 20cm | |
| 丛书名: | ||
| 单 册: | ||
| 中图分类: | TU767-44 | |
| 科图分类: | ||
| 主题词: | 室内装饰--工程施工--问答 | |
| 电子资源: | ||
| ISBN: | 7-5323-6729-0 | |
| 000 | 00828nam0 2200241 45 | |
| 001 | ZWTS00000176 | |
| 005 | 20060830092652.55 | |
| 010 | @a7-5323-6729-0@b精装@dCNY45.00 | |
| 100 | @a20060815d2003 ekmy0chiy0120 ea | |
| 101 | 0 | @achi |
| 102 | @aCN@b310000 | |
| 105 | @ay z 000yy | |
| 200 | 1 | @a室内装饰施工疑难解答1000例@AShi Nei Zhuang Shi Shi Gong Yi Nan Jie Da 1000 Li@f乐义,钟毅编@FLe Yi, Zhong Yi Bian |
| 210 | @a上海@c上海科学技术出版社@d2003.04 | |
| 215 | @a622页@d20cm | |
| 330 | @a本书精选室内装饰材料、装饰设计与施工、装饰质量验收和装饰和费用核算过程中的近千个问题,进行简洁而又具体的 解答。 | |
| 606 | 0 | @a室内装饰@x工程施工@x问答 |
| 690 | @aTU767-44@v4 | |
| 701 | 0 | @a乐义@ALe Yi@4编 |
| 701 | 0 | @a钟毅@AZhong Yi@4编 |
| 801 | 0 | @aCN@bBZT@c20060830 |
| 905 | @aBZT@dTU767-44@e1 | |
| 906 | @dCNY45.00@n0@r1 | |
| 室内装饰施工疑难解答1000例/乐义,钟毅编.-上海:上海科学技术出版社,2003.04 |
| 622页;20cm |
| ISBN 7-5323-6729-0(精装):CNY45.00 |
| 本书精选室内装饰材料、装饰设计与施工、装饰质量验收和装饰和费用核算过程中的近千个问题,进行简洁而又具体的 解答。 |
| ● |
| 相关链接 |
|
|
|
正题名:室内装饰施工疑难解答1000例
索取号:TU767-44/1
 
预约/预借
| 序号 | 登录号 | 条形码 | 馆藏地/架位号 | 状态 | 备注 |
| 1 | 451929 | 230065770 | 中心书库中库/ 中库022架A面4列7层15/ [索取号:TU767-44/1] | 在馆 | |
| 2 | 451930 | 230065769 | 中心书库中库/ 中库022架A面4列7层14/ [索取号:TU767-44/1] | 在馆 | |
| 3 | 451931 | 230065768 | 中心书库中库/ 中库022架B面7列7层57/ [索取号:TU767-44/1] | 在馆 | |
| 4 | 451932 | 230065767 | 中心书库中库/ 中库022架A面4列7层13/ [索取号:TU767-44/1] | 在馆 | |
| 5 | 451933 | 230065766 | 中心书库中库/ 中库022架A面4列7层16/ [索取号:TU767-44/1] | 在馆 |